[Event "Match 70__120'/40"]
[Site "Zürich"]
[Date "2022.??.??"]
[Round "25"]
[White "CXG Sphinx 40 most agg"]
[Black "CXG Sphinx Legend"]
[Result "1/2-1/2"]
[WhiteElo "1780"]
[BlackElo "1816"]
[Annotator "Utzinger,K"]
[PlyCount "111"]
[EventDate "2022.??.??"]

1. e4 e5 {Match 120'/40 | Bediener: Rolf Bühler | 25. Partie: remis |
Zwischenstand: 12,5-12,5 (je 50%) unentschieden | Spanische Partie,
Bird-Verteidigung 3...Sd4!? steht auf dem Programm. In einer für die beiden
Kontrahenten ungemein schwierigen Partie wird die Sphinx 40 mit Weiss langsam
überspielt und steht nach 44 Zügen mit 2 Bauern weniger auf Verlust. Kurze
Zeit später wendet sich das Blatt vollkommen und die Sphinx Legend steht auf
verlorenem Posten. Aber auch Weiss vermag den Sack nicht zuzumachen. Und
wieder mit 2 Bauern im Minus kann die Sphinx 40 mittels Turmopfer und
Dauerschach den Remishafen erreichen.} 2. Nf3 Nc6 3. Bb5 Nd4 {Die
Bird-Verteidigung, benannt nach Henry Edward Bird (14.7.1829-11.4.1908), einer
der besten englischen Schachspieler des 19. Jahrhunderts. Wikipedia meint dazu:
"Schwarz beantwortet den Angriff auf seinen Bauern e5 mit einem Gegenangriff
auf den weißen Läufer b5. Allerdings verstößt er damit gegen ein
Eröffnungsprinzip, indem er eine bereits entwickelte Figur nochmals zieht.
Nach der meist gespielten Fortsetzung 4. Sf3xd4 (auch 4. Lb5–a4 oder 4.
Lb5–c4 sind möglich) 4. … e5xd4 verfügt Weiß über einen kleinen
Entwicklungsvorsprung, zudem ist die schwarze Bauernstellung wegen des
Doppelbauern auf der d-Linie etwas geschwächt. Als Kompensation dafür engt
der schwarze Bauer d4 die weiße Stellung ein und verhindert z. B. die
Entwicklung des weißen Springers b1 auf das Feld c3. Insgesamt gilt die
Variante als theoretisch nicht ganz vollwertig, auch wenn sie gelegentlich von
Meistern angewandt wird, um die Hauptvarianten der Spanischen Partie zu
vermeiden". Nachdem die Variante lange Zeit ein Mauerblümchen-Dasein fristete,
haben GM's wie Vassily Ivanchuk und Vladimir Malaniuk die provokative Variante
wieder zum Leben erweckt. Aber auch die ideenreichen GM Alexander Morozevich
und GM Richard Rapport scheuen sich nicht, zu dieser seltenen Waffe zu greifen.
} 4. Nxd4 exd4 5. O-O {***ENDE BUCH***} Bc5 {***ENDE BUCH***} 6. Qh5 Qe7 7. d3
Nf6 8. Qg5 O-O 9. Bc4 d6 10. Nd2 h6 $11 {Die Stellung befindet sich im
Gleichgewicht.} 11. Qf4 {Sowohl Dh4 als auch Dg3 vermögen besser zu gefallen,
wird doch ein allfälliger weisser Vorstoss f2-f4 nicht behindert.} Be6 12. Re1
Bxc4 13. Nxc4 b5 14. Na5 Bb6 15. Bd2 Qd7 16. Qg3 c5 17. Nb3 Kh7 {Auch sofort
17...c4 war gut möglich.} 18. Bf4 (18. Ba5 {um einen Verteidiger von d4 zu
eliminieren, macht mehr Sinn.}) 18... Nh5 19. Qf3 Nxf4 20. Qxf4 Rae8 (20... c4
21. dxc4 bxc4 22. Nd2 Rac8 $11 {entspricht den strategischen Gegebenheiten
optimaler.}) 21. Nd2 $2 {Damit stürzt sich Weiss in eine mögliche Krise.
Nach dem Damentausch 21.Df5+ hätte Weiss keine Sorgen gehabt.} (21. Qf5+ Qxf5
22. exf5 c4 23. Nd2 Rxe1+ (23... Ba5 24. Rxe8 Rxe8 25. Nf3 $11) 24. Rxe1 Ba5
25. Rd1 c3 26. bxc3 Bxc3 27. Ne4 Bb4 28. a3 Bxa3 29. Ra1 Bc5 30. Nxc5 dxc5 31.
Rxa7 c4 32. Kf1 $11) 21... d5 $2 {Verpasst 21...La5, wonach Weiss ein schweres
Leben hätte. Allerdings wäre grossmeisterliches Können angesagt, bis Weiss
zusammenbrechen würde.} (21... Ba5 22. Red1 f5 $1 23. exf5 Re2 24. Ne4 Rxc2
25. Qxd6 Qxf5 26. Rdc1 Rxc1+ 27. Rxc1 c4 28. Rf1 Rf7 29. Qa3 Bb6 30. f3 c3 31.
g3 Rc7 32. Kg2 a5 33. b3 b4 34. Qc1 a4 35. bxa4 Qd7 36. a5 Bxa5 $17) 22. Nf3 $6
{Es gibt Besseres.} (22. exd5 Qxd5 23. Nf3 $11 {ausgeglichen}) 22... Ba5 23.
Re2 dxe4 $6 {Den geringen Vorteil von Schwarz hätte 23...f5! festgehalten. Im
Schach muss jede Kleinigkeit für eine Verbesserung der Stellung wahrgenommen
werden.} 24. dxe4 $2 {Ein zweifacher Fehler: Strategisch, weil er dem Gegner
die starke Bauernmehrheit am Damenflügel zubilligt. Taktisch, weil nun die
Antwort 24...f5! klar vorteilhaft für Schwarz wäre.} Bc7 $2 {Die Sphinx
Legend bemerkt ihre Chance nicht.} 25. e5 {Nun kann ...f6 mit De4+ gefolgt von
e6 pariert werden mit weissem Vorteil.} Ba5 26. Qe4+ Kg8 27. Qd3 (27. a4 {
mit Störung der schwarzen Bauernmehrheit ist interessant, denn} a6 {ist
nutzlos, weil Schwarz nach} 28. axb5 {nicht ...axb5 spielen darf, weil der La5
hängt, somit} Qxb5 $1 {erzwungen wäre, wonach die ehemals kompakte
Bauernmehrheit viel an Wert verloren hätte.}) 27... Qb7 28. Re4 {Wiederum war
28.a4 stärker.} Re6 29. Rg4 {Was will er da?} Rfe8 30. Rc1 {Erneut ein
ratloses Manöver.} a6 {Jetzt hat Schwarz seine Bauernstellung auch gegen
a2-a4 repariert, weil einfach der Läufer wegziehen könnte, so dass axb5 mit
axb5 beantwortet werden kann.} 31. a3 $2 {Viel besser hätte Weiss mi 31.h3
dem König ein Luftloch verschafft.} Bc7 {Nun droht der e5-Bauer zu fallen.}
32. b4 {Fast der einzige Weg, der auf die Beseitigung des c5-Bauern abzielt,
der seinen d4-Bauer schützen muss.} {[#]} cxb4 $2 {Für die beiden
Kontrahenten viel zu tief versteckt, zeigen die Engines nach 32...Lxe5 einen
Gewinn für Schwarz an.} 33. axb4 Bxe5 34. Rd1 $2 {Den Läufer, der auch den
d4-Bauern schützt, hätte Weiss unbedingt beseitigen müssen. Danach wäre
durchaus noch Kampf möglich gewesen.} (34. Nxe5 $1 Rxe5 35. h4 Re4 36. Rxe4
Rxe4 (36... Qxe4 37. g3 Re6 38. Qxe4 Rxe4 39. Ra1 $13) 37. g3 Qc6 38. Rf1 $13)
34... Bf6 $1 35. h3 (35. Nxd4 $4 {wäre ein schrecklicher Fehler} Re1+ 36. Qf1
Rxf1+ 37. Kxf1 Rd8 $19) 35... Qe7 $19 {Vollständige Beherrschung der e-Linie
und des gesamten Brettes, gepaart mit einem gesunden Mehrbauer, bedeutet, dass
Schwarz eine gewonnene Stellung hat.} 36. Qb3 {Erneut ist der d4-Bauer für
Weiss tabu.} (36. Nxd4 Re1+ 37. Kh2 Rxd1 38. Qxd1 h5 39. Rg3 Qd6 $19) 36... Rd8
(36... Rc8 $142 {ist noch etwas stärker}) 37. Rd3 Re2 38. Rd2 Rxd2 39. Nxd2
Qe1+ 40. Nf1 Rd6 {Noch stärker sind die Fortsetzungen 40...De2 und/oder 40...
h5.} 41. Qf3 Qxb4 {[#] Die CXG Sphinx Legend hat eine Gewinnstellung erreicht.
Mit seinen zwei Mehrbauern und dem Freibauer auf der a-Linie sollte der Rest
nur noch eine Sache der Technik sein.} 42. Qa8+ Bd8 43. Qe4 g6 44. Qe8+ Kg7 45.
Ng3 Qb1+ $2 {Das verschenkt den Sieg und lässt gar dem Gegner den Vorteil.
Gemäss der undurchsichtigen Gewinnvariante von ShashChess 22, bliebe Schwarz
nach 45...Td5 mit +5.26 im Vorteil.} ({ShashChess 22:} 45... Rd5 46. Qe4 Qc5
47. Qd3 h5 48. Rf4 Bc7 49. Rf3 Qb4 50. Qd1 Re5 51. Kf1 a5 52. Ne2 Qc4 53. Qd3
Bb6 54. g4 a4 55. Qxc4 bxc4 56. Ra3 Ra5 57. Ra2 Bc5 58. gxh5 gxh5 59. Kg2 h4
60. Ra1 a3 61. Rb1 Kf6 62. Nc1 Ke6 63. Na2 Kd5 64. Kf3 Kc6 65. Kg4 Rb5 66. Rxb5
Kxb5 67. Kf4 Kb6 68. Kf3 Bd6 {[%eval -526,41]}) 46. Kh2 Rd5 47. Rf4 f6 {
Hier war 47...Lf6 eine bessere, wenn auch ungenügende Verteidigung.} {[#]} 48.
Qe6 $2 {Verpasst den durch 48.Tg4! möglichen Gewinn.} (48. Rg4 Qxc2 49. Nh5+
Rxh5 50. Qd7+ Be7 51. Qxe7+ Kg8 52. Qd8+ Kf7 53. Rxd4 $18 {und gewinnt, denn
die Drohung Td7+ kostet Schwarz die Dame.}) 48... Re5 49. Qc8 Be7 50. Rg4 h5 (
50... g5 51. Rxd4 {bringt Weiss deutlichen Vorteil}) 51. Rxg6+ $1 {Sichert
sich das Remis durch Dauerschach.} (51. Rxd4 $2 {wäre wesentlich schwächer}
Qe1 52. f3 f5 53. Qd7 Kf7 54. c4 Qc3 55. cxb5 axb5 {und es ist fraglich, ob
Weiss überleben kann.}) 51... Kxg6 52. Qg8+ Kh6 53. Qh8+ Kg6 54. Qg8+ Kh6 55.
Qh8+ Kg6 56. Qg8+ {***3x REMIS***} 1/2-1/2

[Event "Match 70__120'/40"]
[Site "Zürich"]
[Date "2022.??.??"]
[Round "26"]
[White "CXG Sphinx Legend"]
[Black "CXG Sphinx 40 most agg"]
[Result "0-1"]
[WhiteElo "1816"]
[BlackElo "1780"]
[Annotator "Utzinger,K"]
[PlyCount "93"]
[EventDate "2022.??.??"]

1. Nf3 d5 {Match 120'/40 | Bediener: Rolf Bühler | 26. Partie: Schwarz 
(Sphinx 40) gewinnt. Zwischenstand: 13,5-12,5 (51,9%) für die Sphinx 40 |
Gegen die harmlose Rèti-Eröffnung erhält Schwarz leichte Vorteile. Im
Mittelspiel gelingt es der Sphinx Legend längere Zeit, ihre Stellung
zusammenzuhalten. Mit dem wirklich nicht zu erwartenden taktischen Blackout 30.
Dc2?? wirft er indessen die Partie auf einen Schlag weg. Die Sphinx 40 lässt
sich nicht bitten, erobert entscheidend Material und holt sich spielend leicht
den Sieg.} 2. c4 d4 $1 {Die beste Antwort und eine der wenigen
Schachstellungen in gesunden Eröffnungen, wo Weiss nach nur zwei Zügen sein
Pulver schon verschossen hat und in allen Datenbanken froh sein muss, ein
Gewinnscore von 50% zu erreichen. Der ChessBase Eröffnungsreport meiner
grossen Datenbank gibt folgende Angaben: Black scores well (53%), Black
performs Elo 2489 against an opposition of Elo 2468 (+21), White performs Elo
2475 against an opposition of Elo 2496 (-21), White wins: 498 (=28%), Draws:
664 (=37%), Black wins: 609 (=34%), The drawing quote is Average. (7% quick
draws, < 20 Moves), White wins are longer than average (43), Black wins are of
average length (40), Draws are shorter than average (37). Es lassen sich kaum
starke GM's finden, die mit Schwarz nach 2...d4! kein positives Ergebnis gegen
Weiss aufweisen.} 3. e3 {Befriedigende Resultate hat Weiss einzig mit 4.b4!?
und/oder 4.g3 aufzuweisen.} Nc6 4. exd4 Nxd4 5. Nxd4 Qxd4 6. Nc3 e5 $15 {
Ich habe keine moderne Engine gefunden, die diese Stellung nicht als
ausgeglichen bis ganz leicht vorteilhaft für Schwarz beurteilt und somit den
harmlosen weissen Aufbau nicht bestätigt.} 7. d3 {***ENDE BUCH***} Ne7 {
***ENDE BUCH***} 8. Be3 Qd7 {Gleichwertig mit 8...Dd6, wo die Dame dann dem
späteren Angriff Sb5 ausgesetzt ist.} 9. Be2 Nf5 10. Bd2 (10. Bg4 {scheint
eine Spur genauer} c6 11. d4 $11 {ausgeglichen}) 10... Bc5 11. Ne4 Bd4 12. Qc2
{Nichts sprach auch gegen die kurze Rochade.} Nh4 13. O-O O-O {Das ist besser
als 13...f5?! 14.Lh5+ Kf8 und die schwarze Rochade ist futsch.} 14. Bg5 Ng6 15.
Bh5 {Keinen Einwand gegen dieses im ersten Moment nicht offensichtliche
Manöver, wenn damit der Wunsch verbunden ist, erstens ...f5 wegen Lxg6
unattraktiv zu machen oder zweitens, den starken und lästigen Springer auf g6
irgendwann zu tauschen.} Qf5 {Es gibt überzeugendere Alternativen:} ({a)} 
15... b6 {um den Läufer auf die schöne Diagonale a8-h1 zu bringen}) ({b)} 
15... a5 {frühzeitige Prophylaxe gegen die weisse Raumausdehnung mit a3,
gefolgt von b4.}) ({c)} 15... Re8 {macht das Feld f8 für das Springermanöver
...Sg6-f8-e6 frei}) 16. Bf3 Nf4 17. Be7 $6 {Besser hätte Weiss den starken
f4-Springer beseitigt.} (17. Bxf4 Qxf4 18. Nc3 c6 19. Ne2 Qh4 20. Nxd4 Qxd4 21.
Rfe1 $11 {etwa ausgeglichen}) 17... Re8 18. Bc5 Qd7 {Vor lauter Alternativen
ist es schwierig eine passende Wahl zu treffen.} (18... Bxc5 19. Nxc5 Qg6 20.
g3 Nh3+ 21. Kh1 Ng5 22. Bg2 Bh3 $15) (18... Nh3+ 19. Kh1 Ng5 20. Nxg5 Bxc5 21.
Ne4 Bd4 $15) (18... Rd8 19. Rae1 c6 20. Kh1 Qd7 21. Bb4 a5 22. Bd2 Qe7 $15) 19.
Bxd4 Qxd4 20. Rad1 {Die Schwäche d3 muss verteidigt werden.} Bf5 21. g3 Nh3+ (
21... Ne6 $1 $17 {ist noch stärker}) 22. Kg2 Rad8 23. Qc3 Qb6 24. b3 h6 (24...
Rd4 $17 {nebst bald ...Ted8 und Massierung des rückständigen Bauern auf d3
ist auch stark.}) 25. Rd2 $6 {Präziser ist die Verteidigung mit 25.Tfe1
gefolgt von Te3.} Re7 (25... Rd4 {ist genauer}) 26. Re1 a6 $6 {Der Sinn dieses
Vorstosses bleibt mir verborgen. Eher in Frage kommen ...Td4 oder ...c5, um
die Schwäche d3 auf alle Zeit festzunageln.} 27. b4 Qg6 28. d4 $2 {Das
verschlechtert spürbar und ganz unnötig die weisse Stellung.} (28. Kf1 {
um allenfalls ...Sf4 zu vermeiden, macht einen verlässlicheren Eindruck.})
28... exd4 29. Rxd4 Rde8 {Die Fesslung auf der e-Linie ist lästig und wird
Weiss bereits einen Bauern kosten. Noch stärker, aber viel zu kompliziert
für unsere Oldies ist 29...Txd4.[#]} (29... Rxd4 30. Qxd4 Rd7 $1 31. Qa1 Rd3
32. Qe5 f6 33. Nxf6+ Qxf6 34. Qxc7 (34. Bd5+ Kh7 35. Qxf6 gxf6 36. Re7+ (36.
Be6 Bxe6 37. Rxe6 Ng5 38. Re7+ Kg6 39. Rxc7 b5 $17) 36... Kg6 37. Rxc7 Nf4+ $3
38. gxf4 Bh3+ 39. Kg1 Rd1#) 34... Rxf3 $1 35. Kxf3 Bg4+ 36. Ke4 Nxf2+ 37. Ke3
Qc3+ 38. Kxf2 Qd2+ 39. Kg1 Qxe1+ 40. Kg2 Qe2+ 41. Kg1 Qe3+ 42. Kg2 Bf3+ 43. Kh3
Qe6+ 44. Kh4 Qg4#) 30. Qc2 $4 {[%mdl 32768] Ein schlimmer taktischer Bock.
Statt die Fesslung auf der e-Linie vernünftig zu parieren, begibt sich die
weisse Dame gar in eine zweite Fesslung und erlaubt dem Gegner eine tödliche,
auf der Hand liegende Antwort, die entscheidenden Materialverlust für Weiss
zur Folge hat. Dass die Unergründliche die damit verbundene taktische Folge
mit wenigen Halbzügen nicht erkennt, kann wohl nur daran liegen, dass die
selektive Suche den "primitiven" Gewinnzug 30...Sg5 vollständig ausgeklammert
oder viel zu früh verworfen hat.} (30. Re3 Nxf2 31. Kxf2 Bxe4 32. Bxe4 Rxe4
33. Rdxe4 Rxe4 34. Rxe4 Qxe4 {und das Damenendspiel mit weissem MInusbauer ist
noch lange nicht hoffnungslos.}) 30... Ng5 $19 {schwarze Gewinnstellung} 31.
Nxg5 Rxe1 32. Qc3 Qxg5 {Schwarz hat einen ganzen Turm erobert. Obwohl die
Sphinx 40 nicht immer die absolut besten Züge findet, kann am Ausgang der
Partie kein Zweifel bestehen.} 33. Bxb7 R1e2 34. a4 (34. Bxa6 R8e3 $1 $19)
34... Qf6 35. Qf3 (35. Bf3 Rc2 36. Qa1 Bg4 $1 $19) 35... Qxd4 {Schon ist Weiss
seinen zweiten Turm los.} 36. Qxf5 R8e5 37. Qf4 Qxf4 38. gxf4 Re6 39. Bd5 Rd6
40. b5 a5 41. Kf3 Ra2 42. h3 Kf8 43. Ke3 Rxa4 44. Kf3 Rb4 45. Ke3 a4 46. Kd4 a3
47. Kc5 {***AUFGEGEBEN***} 0-1

[Event "Match 70__120'/40"]
[Site "Zürich"]
[Date "2022.??.??"]
[Round "27"]
[White "CXG Sphinx 40 most agg"]
[Black "CXG Sphinx Legend"]
[Result "1/2-1/2"]
[WhiteElo "1780"]
[BlackElo "1816"]
[Annotator "Utzinger,K"]
[PlyCount "187"]
[EventDate "2022.??.??"]

{[%evp 0,164,21,34,36,36,36,11,28,-1,0,0,10,26,60,60,68,-2,-12,-3,37,27,24,33,
94,105,78,47,108,97,159,138,169,43,61,41,32,27,28,32,42,39,39,36,27,35,25,-16,
0,-16,-7,-24,-29,-35,-15,-15,24,11,31,21,12,12,18,0,0,5,65,49,48,59,62,14,9,14,
73,63,84,107,111,78,91,87,80,77,70,70,81,91,93,79,113,109,111,91,109,90,90,82,
76,70,80,90,90,91,91,90,90,86,90,90,59,48,49,44,48,26,22,18,22,19,16,11,10,4,4,
1,7,7,61,49,43,28,43,25,20,11,20,6,10,5,6,6,5,0,0,0,0,0,0,0,0,0,0,0,0,0,0,0,0,
0,0,0,0,0,0,0,0]} 1. e4 e5 {Match 120'/40 | Bediener: Rolf Bühler | 27.
Partie: remis | Zwischenstand: 14,0-13,0 (51,5%) für die Sphinx 40 | Der
offene Spanier von Schwarz (Sphinx Legend) trifft auf die harmlose Variante 6.
Te1. Trotzdem gelingt es Weiss (Sphinx 40) dank gütiger Hilfe des Gegners,
vorteilhaft aus der Eröffnung zu kommen. Dann ist jedoch die Luft raus. Nach
Damentausch entsteht ein Zug später ein ausgeglichenes Doppel-Turm-Endspiel.
Und ausnahmsweise wollen die beiden Kämpfer offenbar beweisen, dass es auch
ihnen möglich ist, die Partie völlig fehlerfrei zu Ende zu führen. Eine
total ruhige Partie ohne jegliche taktischen Höhepunkte wird so mit einem
verdienten Remis abgeschlossen.} 2. Nf3 Nc6 3. Bb5 a6 4. Ba4 Nf6 5. O-O Nxe4 {
***ENDE BUCH***} 6. Re1 {***ENDE BUCH***} Nf6 (6... Nc5 {ist die üblichere
Fortsetzung: Gewinnt ein Tempo mit dem Angriff gegen den weissen Läufer und
der Möglichkeit, mit einmal Sc5-e6 die e-Linie zu verstellen.}) 7. Nxe5 Be7 8.
Qe2 Nxe5 9. Qxe5 b5 10. Bb3 d6 11. Qe2 {Weiss hat einen etwas lästigen Druck
auf der offenen e-Linie, so dass die schwarze Rochade momentan nicht möglich
ist. Um das Problem zu lösen hat Schwarz zwei Pläne.} Bg4 ({Plan a)} 11... d5
{was ...Le6 mit anschliessender Rochade erlaubt.} 12. d4 Bg4 13. Qe3 Be6) ({
Plan b)} 11... c5 12. d3 Ra7 {mit Schutz des Le7, was wiederum die kurze
Rochade erlaubt.}) 12. f3 Bd7 13. Nc3 c5 $6 ({Mit} 13... c6 {nebst ...d5 kann
Schwarz seine Probleme besser lösen.}) 14. Nd5 Nxd5 15. Bxd5 $16 {Nun hat
Weiss mehr Vorteil herausholen können, als ihm mit der harmlosen
Eröffnungsbehandlung zugestanden wäre.} Ra7 16. Qe3 $2 {Mit diesem seltsamen
Manöver, statt 16.d4!, erhält Schwarz umgehend gleiches Spiel.} Bf5 17. Qf4
Qd7 18. d3 O-O 19. a4 Be6 20. Bxe6 fxe6 21. Qe4 e5 22. Qd5+ Kh8 23. a5 Qb7 24.
Qb3 Rf5 25. Re2 d5 26. Bd2 c4 27. dxc4 Bc5+ 28. Be3 bxc4 29. Qxb7 Bxe3+ 30.
Rxe3 Rxb7 31. Rae1 Rb5 32. Rxe5 Rf8 {Der Turmtausch hätte die Sache etwas
vereinfacht.} (32... Rxe5 33. Rxe5 Kg8 $11 34. c3 Rxa5 $11) 33. b4 cxb3 34.
cxb3 Rxa5 35. Re8 Kg8 36. R8e7 Rb8 37. Rc7 Kh8 38. Ree7 {Weiss ist es gelungen
- nachdem Schwarz den Turmtausch vermieden hat - seine Türme auf der 7. Reihe
zu verdoppeln. Das ist in vielen Fällen ein entscheidender Vorteil. In der
vorliegenden Konstellation spielt das für einmal keine Rolle, weil es Weiss
ausnahmsweise nicht gelingen kann, seine Stellung zu verstärken.} Rg8 39. b4 (
39. Rb7 h6 40. Red7 Ra2 41. Rxd5 Re8 $1 $11 {und nun ist es Schwarz, der
ausgleichend seine Türme auf der 2. Reihe verdoppelt.}) 39... Ra4 40. Red7
Rxb4 41. Rxd5 Rb1+ 42. Kf2 Rb2+ 43. Kg3 Rb6 (43... h6 {Das Schaffen eines
Luftlochs für den König wäre noch einfacher, weil der Tg8 dann wieder freie
Hand bekäme.}) 44. Rdd7 Rb5 45. Ra7 Rg5+ 46. Kf2 a5 47. f4 Rh5 48. Kf3 Rxh2
49. Rxa5 $11 {Die Stellung hat sich vereinfacht und es steht völlig gleich.
In der Folge passieren auch keine Fehler mehr, und so endet die ruhige Partie
im friedlichen Remis.} Rh1 50. Raa7 Rf1+ 51. Kg4 Rf2 52. g3 h6 53. Rab7 Kh7 54.
f5 h5+ 55. Kg5 Rf3 56. g4 hxg4 57. Kxg4 Rf1 58. Rf7 Kh6 59. Rb6+ Kh7 60. Kg5
Rg1+ 61. Kf4 Rf1+ 62. Kg4 Rg1+ 63. Kf3 Rf1+ 64. Kg2 Rd1 65. Rc7 Kh8 66. Rbb7
Rf8 67. Rxg7 Rxf5 {Den Rest hätte man sich wirklich sparen können.} 68. Rh7+
Kg8 69. Rbg7+ Kf8 70. Rc7 Kg8 71. Kg3 Rg1+ 72. Kh2 Rg4 73. Rb7 Rf2+ 74. Kh3
Rfg2 75. Rhc7 R2g3+ 76. Kh2 Rg2+ 77. Kh1 Rg1+ 78. Kh2 R4g2+ 79. Kh3 Rg3+ 80.
Kh4 Rg4+ 81. Kh5 Rg5+ 82. Kh6 Rg6+ 83. Kh5 R1g5+ 84. Kh4 Rg4+ 85. Kh3 Rg3+ 86.
Kh2 Rg2+ 87. Kh1 Rg1+ 88. Kh2 R6g2+ 89. Kh3 Rg3+ 90. Kh2 R1g2+ 91. Kh1 Rg1+ 92.
Kh2 R1g2+ 93. Kh1 Rg1+ 94. Kh2 {***3x REMIS***} 1/2-1/2